| 000 | 00408nam a2200181Ia 4500 | ||
|---|---|---|---|
| 005 | 20250425161711.0 | ||
| 008 | 250425s9999 xx 000 0 und d | ||
| 041 | _aeng | ||
| 082 | _a632.58 | ||
| 100 | _aCARDENAS, JUAN | ||
| 245 | 0 | _aTROPICAL WEEDS: MALEZAS TROPICALES | |
| 250 | _a1A ED. | ||
| 260 | _aBOGOTA | ||
| 260 |
_aColombia _bCRAT _c1972 |
||
| 300 | _a341 | ||
| 942 | _c01 | ||
| 010 | _a26152 | ||
| 999 |
_c214338 _d214338 |
||